1697 1800 1033 1610 1405 1766 1535 1760 1418 1290 1579 1469 1061 1190 1953 1610 1431 1956 1949 1213 1644 1569 1112 1643 1034 1977 1359 1373 1208 1426 1372 1811 1445 1267 1332 1748 1458 1155 1645 1101 1731 1293 1525 1511 1230 1894 1973 1405 1470 1813 1152 1778 1877 1182 1731 1201 1362 1552 1160 1620 1999 1994 1217 1389 1071 1489 1762 1835 1200 1160 1300 1393 1857 1550 1007 1408 1683 1979 1801 1588 1569 1095 1344 1970 1946 1476 1492 1909 1815 1367 1628 1830 1177 1210 1175 1849 1875 1074 1874 BCNSPRNW ULIB Ver.6.0+V

เปลี่ยนเป็นภาษาไทย

Change to English
 แสดงรายละเอียดบรรณานุกรม
  กลับหน้าหลัก

Brief Record : Get Marc (ISO 2709) : E-mail record : QR code < ปิดหน้าต่าง
LEADER : 00000nam 2200000uu 4500
001    13399112573
003     ULIB
008    110825s2549||||th 000 0 tha d
050 04 HQ503^bพ323ค 2549
100 0  พระจรินทร์ อาภสฺสโร
245 10 คำเดียวสั้นๆที่เรียกว่า"แม่" /^cพระจรินทร์ อาภสฺสโร
250    พิมพ์ครั้งที่ 2
260    เชียงใหม่ :^bวัดอุโมงค์(สวนพุทธธรรม),^c2549
300    150 หน้า
650  7 แม่^xแง่ศาสนา
945    ^p0^l0^i021112
945    ^p0^l0^i021113
945    ^p0^l0^i023263
945    ^p0^l0^i023264
945    ^p0^l0^i025732
995    ทศพร
999 ^a ใช้งานได้ทุกระบบ
รายการนี้ยังไม่มีแท็ก
คุณยังไม่ได้ล็อกอิน คุณสามารถมีกิจกรรมร่วมกับเว็บไซต์ได้ แต่ต้องล็อกอินก่อน ::
  ล็อกอิน

รายการสื่อสารสนเทศ

ลำดับที่ ประเภท เลขเรียก/บาร์โค้ด สถานที่ สถานะ
- ไม่พบข้อมูล -

BibComment


ยังไม่เคยถูกคอมเมนท์

คอมเมนท์ทรัพยากรรายการนี้
  คอมเมนท์: คำเดียวสั้นๆที่เร..


 Copyright 2026. Bcnsprnw @Library